| 000 | 00541nam a2200193Ia 4500 | ||
|---|---|---|---|
| 008 | 240729s9999 xx 000 0 und d | ||
| 022 | _a2289-6651 | ||
| 245 | 0 | _aMalaysian Management Journal | |
| 260 | _aMalaysia | ||
| 260 | _bUUM Press | ||
| 650 | _a Business | ||
| 650 | _a Commerce | ||
| 650 | _a Industries. Land use. Labor | ||
| 650 | _a Management. Industrial management | Social Sciences | ||
| 650 | _aSocial Sciences | ||
| 856 | _uhttps://doaj.org/toc/c8047d779e974a02b261666c356ff65c | ||
| 942 | _2ddc | ||
| 942 | _cDOAJEJ | ||
| 999 |
_c66098 _d66098 |
||
| 945 |
_a1 _bMadushi Gamage _c1 _dMadushi Gamage |
||